000 00324nam a22001337a 4500
008 181030b xxu||||| |||| 00| 0 eng d
020 _a9780393308570
041 _aeng
080 _a941
100 _a17
101 _aHIS
245 _aBully for Brontosaurus. Reflections in Natural History
_cGould, S.J
942 _2udc
_cBK
999 _c51146
_d51146